| 000 | 00583nam a2200193 a 4500 | ||
|---|---|---|---|
| 005 | 20251205063953.0 | ||
| 008 | 991125s1985 mx 000 0 spa u | ||
| 035 | _aUPN01000050009 | ||
| 049 | _aF | ||
| 050 | 4 |
_aLB1025 _bD5 no.30 |
|
| 100 | 1 |
_aArgudín, Yolanda _928744 |
|
| 245 | 1 | 3 |
_aUn punto de vista radical en la educación / _cYolanda Argudín. |
| 260 |
_aMéxico : _bUniversidad Iberoamericana, Centro de Didáctica, _c1985. |
||
| 300 | _a3 p. | ||
| 440 | 0 |
_aDIDAC. _pBoletín ; _v30 |
|
| 650 | 4 |
_aEnseñanza _vColecciones _921467 |
|
| 650 | 2 |
_aNiños _918906 |
|
| 905 | _aLibro | ||
| 999 |
_c50009 _d50009 |
||